| 000 | 00722nam a2200193 a 4500 | ||
|---|---|---|---|
| 001 | 001005305 | ||
| 003 | AM-YeHGA | ||
| 005 | 20250617150519.0 | ||
| 008 | 140305s1974 ||| r 000 0 rus d | ||
| 040 | _aAM-YeHGA | ||
| 041 | 0 | _arus | |
| 100 | 1 | _aБарашков, В.Ф. | |
| 245 | 1 | 0 |
_aТопонимия Ульяновской области : _bПособие по краеведению / _cВ.Ф. Барашков; Ульянов. гос. пед. ин-т. |
| 260 |
_aУльянов : _bБ. и. , _c1974. |
||
| 300 | _a78 с. | ||
| 653 | 0 | _aУльяновская область - Топонимия | |
| 710 | 2 | _aУльяновский гос. пед. ин-т. им. И.Н. Ульянова | |
| 090 | _c334112 | ||
| 999 |
_c332346 _d332346 |
||